Akútne stavy v urológii

Bibliographic Details
Main Authors: Sedláková, Gabriela, 1947- (Author), Bajzatová, Marta (Author)
Format: Article
Language:Slovak

MARC

LEADER 00000nab a2200000ua 4500
001 vtls010829654
003 SK-MaSNL
005 20260303210217.0
008 230222s2002 xo |||||||||||||||||slo|
035 |a (urnnbn)urn:nbn:sk:snk:ar-a06fye 
035 |a urn:nbn:sk:snk-ab5uyp 
035 |a (uuid)8c841181-1105-4962-a4dd-6146c667b223 
040 |a SNKBUCL  |b slo  |c SNKBUCL  |e AACR2 
041 0 |a slo 
044 |a xo  |c SK 
100 1 |a Sedláková, Gabriela,  |d 1947-  |4 aut  |9 126161 
245 1 0 |a Akútne stavy v urológii  |c Gabriela Sedláková, Marta Bajzatová 
700 1 |a Bajzatová, Marta  |4 aut  |9 1241647 
773 0 |t Sestra : odborný mesačník pre ošetrovateľstvo  |g Roč. 1, č. 6 (2002), s. 34-36 
954 |a odborná, vedecká literatúra pôvodná (slovenská)  |2 lita 
958 |a OND 
958 |a EUIPO 
958 |a article5 
999 |c 2199285  |d 2201215